Everything Yellow - Statistics

General Stats
  • This quiz has been taken 27 times
  • The average score is 10 of 12
Answer Stats
Picture Answer % Correct
Banana
100%
Pineapple
100%
Sun
100%
Sunflower
91%
Sand
86%
Lemon
82%
Seahorse
82%
Daffodil
73%
Bee
68%
Dandelion
64%
Jaguar
64%
Canary
59%
No matching quizzes found
Score Distribution
Percent of People with Each Score
Percentile by Number Answered
Your Score History
You have not taken this quiz